[Event "Deutsche Ländermeisterschaft 2018"]
[Site "Würzburg GER"]
[Date "2018.10.04"]
[Round "3"]
[White "Herbrig, Alexander"]
[Black "Pfreundt, Jakob"]
[Result "1/2-1/2"]
[Termination "normal"]
[Board "8.1"]
[BlackTitle "IM"]
[WhiteElo "2277"]
[BlackElo "2388"]
[WhiteClock "00:18:41"]
[BlackClock "00:20:36"]
[WhiteTeam "Sachsen 2"]
[BlackTeam "Hamburg"]
[PlyCount "82"]
[WhiteFideId "12952044"]
[BlackFideId "12918156"]
[EventCountry "GER"]
[EventRounds "7"]
[EventType "team-swiss"]
[EventDate "2018.10.02"]

1. e4 {[%clk 1:30:58]} c5 {[%clk 1:30:26]} 2. Nf3 {[%clk 1:31:17]} d6 {[%clk
1:30:45]} 3. d4 {[%clk 1:31:25]} cxd4 {[%clk 1:30:53]} 4. Nxd4 {[%clk 1:31:52]}
Nf6 {[%clk 1:31:04]} 5. Nc3 {[%clk 1:32:06]} Nc6 {[%clk 1:30:27]} 6. Be3 {[%clk
1:23:27]} Ng4 {[%clk 1:20:34]} 7. Nxc6 {[%clk 1:19:35]} bxc6 {[%clk 1:19:56]}
8. Bc1 {[%clk 1:15:29]} Qb6 {[%clk 1:05:11]} 9. Qf3 {[%clk 1:12:39]} g6 {[%clk
1:01:55]} 10. h3 {[%clk 1:10:09]} Ne5 {[%clk 0:59:21]} 11. Qg3 {[%clk 1:07:15]}
Bg7 {[%clk 0:52:52]} 12. Rb1 {[%clk 0:59:31]} Rb8 {[%clk 0:48:54]} 13. Be2
{[%clk 0:55:52]} Ba6 {[%clk 0:45:22]} 14. O-O {[%clk 0:54:11]} Bxe2 {[%clk
0:44:55]} 15. Nxe2 {[%clk 0:54:28]} O-O {[%clk 0:40:54]} 16. Bg5 {[%clk
0:52:19]} Qa6 {[%clk 0:36:39]} 17. Nc3 {[%clk 0:47:22]} f6 {[%clk 0:32:54]} 18.
Be3 {[%clk 0:44:29]} Nc4 {[%clk 0:28:18]} 19. b3 {[%clk 0:42:51]} Nxe3 {[%clk
0:18:40]} 20. Qxe3 {[%clk 0:42:36]} Qa5 {[%clk 0:17:13]} 21. Ne2 {[%clk
0:40:09]} e5 {[%clk 0:16:15]} 22. c4 {[%clk 0:38:40]} Qxa2 {[%clk 0:14:08]} 23.
Rfd1 {[%clk 0:37:42]} Rfd8 {[%clk 0:11:54]} 24. Qd3 {[%clk 0:35:17]} Qa3 {[%clk
0:11:44]} 25. b4 {[%clk 0:31:17]} Qxd3 {[%clk 0:11:50]} 26. Rxd3 {[%clk
0:31:46]} a6 {[%clk 0:08:42]} 27. Nc3 {[%clk 0:30:54]} Kf7 {[%clk 0:05:06]} 28.
b5 {[%clk 0:30:34]} axb5 {[%clk 0:02:29]} 29. cxb5 {[%clk 0:30:22]} cxb5 {[%clk
0:00:54]} 30. Rxb5 {[%clk 0:29:30]} Bf8 {[%clk 0:00:45]} 31. g4 {[%clk
0:28:17]} Rdc8 {[%clk 0:00:43]} 32. Rxb8 {[%clk 0:27:24]} Rxb8 {[%clk 0:01:12]}
33. Nd5 {[%clk 0:27:17]} Ke6 {[%clk 0:00:58]} 34. Rf3 {[%clk 0:22:45]} Be7
{[%clk 0:00:46]} 35. Ra3 {[%clk 0:22:30]} Rb7 {[%clk 0:01:05]} 36. Ne3 {[%clk
0:20:47]} Bd8 {[%clk 0:01:08]} 37. Ra8 {[%clk 0:20:08]} Rd7 {[%clk 0:00:37]}
38. Kg2 {[%clk 0:20:03]} Bb6 {[%clk 0:00:35]} 39. Nd5 {[%clk 0:19:59]} Bd8
{[%clk 0:01:03]} 40. Ne3 {[%clk 0:18:47]} Bb6 {[%clk 0:00:57]} 41. Nd5 {[%clk
0:18:41]} Bd8 {[%clk 0:20:36]} 1/2-1/2

[Event "Deutsche Ländermeisterschaft 2018"]
[Site "Würzburg GER"]
[Date "2018.10.04"]
[Round "3"]
[White "Engel, Robert"]
[Black "Burian, Simon"]
[Result "1/2-1/2"]
[Termination "normal"]
[Board "8.2"]
[WhiteElo "2059"]
[BlackElo "2091"]
[WhiteClock "00:42:30"]
[BlackClock "00:35:00"]
[WhiteTeam "Hamburg"]
[BlackTeam "Sachsen 2"]
[PlyCount "52"]
[WhiteFideId "12974684"]
[BlackFideId "12956902"]
[EventCountry "GER"]
[EventRounds "7"]
[EventType "team-swiss"]
[EventDate "2018.10.02"]

1. e4 {[%clk 1:30:59]} c5 {[%clk 1:30:53]} 2. Nf3 {[%clk 1:31:25]} d6 {[%clk
1:31:11]} 3. d4 {[%clk 1:31:51]} cxd4 {[%clk 1:31:29]} 4. Nxd4 {[%clk 1:32:13]}
Nf6 {[%clk 1:31:40]} 5. f3 {[%clk 1:32:38]} e5 {[%clk 1:31:06]} 6. Nb3 {[%clk
1:33:03]} d5 {[%clk 1:29:56]} 7. Bg5 {[%clk 1:33:26]} Be6 {[%clk 1:27:53]} 8.
Bxf6 {[%clk 1:31:39]} gxf6 {[%clk 1:28:12]} 9. exd5 {[%clk 1:32:04]} Bxd5
{[%clk 1:26:35]} 10. Nc3 {[%clk 1:31:50]} Bb4 {[%clk 1:24:20]} 11. Qd2 {[%clk
1:27:49]} Bc6 {[%clk 1:21:57]} 12. Qxd8+ {[%clk 1:27:29]} Kxd8 {[%clk 1:22:20]}
13. O-O-O+ {[%clk 1:27:54]} Nd7 {[%clk 1:19:56]} 14. Nd5 {[%clk 1:26:13]} Bxd5
{[%clk 1:16:32]} 15. Rxd5 {[%clk 1:26:35]} Kc7 {[%clk 1:14:01]} 16. c4 {[%clk
1:14:10]} Nb6 {[%clk 1:06:38]} 17. Rd1 {[%clk 1:13:16]} Rad8 {[%clk 1:04:21]}
18. Bd3 {[%clk 1:06:48]} h5 {[%clk 0:58:41]} 19. a3 {[%clk 0:51:53]} Bf8 {[%clk
0:56:18]} 20. Be2 {[%clk 0:48:38]} Bh6+ {[%clk 0:54:48]} 21. Kc2 {[%clk
0:48:31]} Nc8 {[%clk 0:48:26]} 22. c5 {[%clk 0:44:30]} Ne7 {[%clk 0:46:14]} 23.
Bc4 {[%clk 0:43:22]} Nf5 {[%clk 0:37:10]} 24. Rxd8 {[%clk 0:43:08]} Rxd8 {[%clk
0:37:11]} 25. Bxf7 {[%clk 0:42:56]} Ne3+ {[%clk 0:35:17]} 26. Kc3 {[%clk
0:42:30]} Nd1+ {[%clk 0:35:00]} 1/2-1/2

[Event "Deutsche Ländermeisterschaft 2018"]
[Site "Würzburg GER"]
[Date "2018.10.04"]
[Round "3"]
[White "Lutz, Ruben"]
[Black "Keyser, Robin"]
[Result "1-0"]
[Termination "normal"]
[Board "8.3"]
[WhiteElo "2043"]
[BlackElo "1999"]
[WhiteClock "00:13:07"]
[BlackClock "00:28:06"]
[WhiteTeam "Sachsen 2"]
[BlackTeam "Hamburg"]
[PlyCount "65"]
[WhiteFideId "12975974"]
[BlackFideId "12986429"]
[EventCountry "GER"]
[EventRounds "7"]
[EventType "team-swiss"]
[EventDate "2018.10.02"]

1. d4 {[%clk 1:30:57]} g6 {[%clk 1:30:54]} 2. Bf4 {[%clk 1:31:11]} Bg7 {[%clk
1:30:51]} 3. e3 {[%clk 1:31:26]} d6 {[%clk 1:30:24]} 4. Nf3 {[%clk 1:30:41]}
Nd7 {[%clk 1:29:47]} 5. h3 {[%clk 1:26:50]} Ngf6 {[%clk 1:28:46]} 6. Be2 {[%clk
1:23:53]} O-O {[%clk 1:28:15]} 7. O-O {[%clk 1:23:54]} b6 {[%clk 1:26:15]} 8.
a4 {[%clk 1:20:46]} a6 {[%clk 1:25:45]} 9. Nbd2 {[%clk 1:20:02]} Bb7 {[%clk
1:24:06]} 10. c3 {[%clk 1:19:14]} e6 {[%clk 1:21:28]} 11. Bh2 {[%clk 1:13:19]}
Qe7 {[%clk 1:18:46]} 12. b4 {[%clk 1:08:36]} e5 {[%clk 1:13:19]} 13. Qb3 {[%clk
1:06:53]} e4 {[%clk 1:11:01]} 14. Ne1 {[%clk 1:07:12]} a5 {[%clk 1:03:07]} 15.
Nc2 {[%clk 1:04:18]} axb4 {[%clk 1:01:36]} 16. cxb4 {[%clk 1:03:50]} c5 {[%clk
0:54:30]} 17. bxc5 {[%clk 0:52:52]} dxc5 {[%clk 0:54:43]} 18. a5 {[%clk
0:38:27]} Bd5 {[%clk 0:46:23]} 19. Bc4 {[%clk 0:38:31]} Qe6 {[%clk 0:46:04]}
20. axb6 {[%clk 0:30:57]} Rxa1 {[%clk 0:45:33]} 21. Rxa1 {[%clk 0:27:53]} Nxb6
{[%clk 0:44:53]} 22. Bxd5 {[%clk 0:28:08]} Nfxd5 {[%clk 0:45:04]} 23. Ra6
{[%clk 0:22:17]} cxd4 {[%clk 0:37:15]} 24. Nxd4 {[%clk 0:22:39]} Bxd4 {[%clk
0:37:34]} 25. exd4 {[%clk 0:23:06]} Rc8 {[%clk 0:37:33]} 26. Be5 {[%clk
0:21:02]} Rc6 {[%clk 0:31:43]} 27. Nxe4 {[%clk 0:17:38]} f6 {[%clk 0:31:11]}
28. Nc5 {[%clk 0:16:52]} Qe7 {[%clk 0:27:55]} 29. Rxb6 {[%clk 0:16:09]} Rxb6
{[%clk 0:28:22]} 30. Qxd5+ {[%clk 0:16:33]} Kg7 {[%clk 0:28:47]} 31. Bg3 {[%clk
0:12:47]} Qe1+ {[%clk 0:28:23]} 32. Kh2 {[%clk 0:13:13]} Rb1 {[%clk 0:28:06]}
33. Ne6+ {[%clk 0:13:07]} 1-0

[Event "Deutsche Ländermeisterschaft 2018"]
[Site "Würzburg GER"]
[Date "2018.10.04"]
[Round "3"]
[White "Bui, Ngoc Han Julia"]
[Black "Genov, Valentin"]
[Result "1-0"]
[Termination "normal"]
[Board "8.5"]
[BlackTitle "CM"]
[WhiteElo "1876"]
[BlackElo "1756"]
[WhiteClock "00:02:34"]
[BlackClock "00:08:11"]
[WhiteTeam "Sachsen 2"]
[BlackTeam "Hamburg"]
[PlyCount "65"]
[WhiteFideId "12977055"]
[BlackFideId "2919745"]
[EventCountry "GER"]
[EventRounds "7"]
[EventType "team-swiss"]
[EventDate "2018.10.02"]

1. e4 {[%clk 1:30:58]} c5 {[%clk 1:30:56]} 2. Nf3 {[%clk 1:31:22]} d6 {[%clk
1:31:22]} 3. d4 {[%clk 1:31:46]} cxd4 {[%clk 1:31:45]} 4. Nxd4 {[%clk 1:32:11]}
Nf6 {[%clk 1:32:10]} 5. Nc3 {[%clk 1:32:37]} g6 {[%clk 1:32:02]} 6. Be3 {[%clk
1:33:00]} Bg7 {[%clk 1:32:27]} 7. f3 {[%clk 1:32:38]} Nc6 {[%clk 1:32:33]} 8.
Bc4 {[%clk 1:31:55]} O-O {[%clk 1:32:28]} 9. Qd2 {[%clk 1:31:56]} Bd7 {[%clk
1:32:07]} 10. h4 {[%clk 1:31:58]} h5 {[%clk 1:29:24]} 11. O-O-O {[%clk
1:32:23]} Qa5 {[%clk 1:29:34]} 12. Kb1 {[%clk 1:30:21]} Rfc8 {[%clk 1:29:03]}
13. Bb3 {[%clk 1:28:44]} Ne5 {[%clk 1:28:27]} 14. Bh6 {[%clk 1:16:38]} Bxh6
{[%clk 1:23:52]} 15. Qxh6 {[%clk 1:16:53]} Rxc3 {[%clk 1:24:10]} 16. bxc3
{[%clk 1:16:30]} Rc8 {[%clk 1:18:29]} 17. Qd2 {[%clk 0:47:20]} Nc4 {[%clk
1:12:02]} 18. Bxc4 {[%clk 0:47:16]} Rxc4 {[%clk 1:12:25]} 19. Nb3 {[%clk
0:44:10]} Qc7 {[%clk 1:01:30]} 20. Qc1 {[%clk 0:34:33]} a5 {[%clk 0:55:31]} 21.
Rd4 {[%clk 0:27:22]} Rxc3 {[%clk 0:52:56]} 22. Rd3 {[%clk 0:24:41]} Rc6 {[%clk
0:47:19]} 23. Nd4 {[%clk 0:22:50]} Rc4 {[%clk 0:44:20]} 24. Rhd1 {[%clk
0:16:57]} a4 {[%clk 0:40:44]} 25. c3 {[%clk 0:14:42]} b5 {[%clk 0:24:02]} 26.
a3 {[%clk 0:11:27]} d5 {[%clk 0:17:04]} 27. exd5 {[%clk 0:10:33]} Nxd5 {[%clk
0:16:33]} 28. Nxb5 {[%clk 0:08:30]} Bxb5 {[%clk 0:14:05]} 29. Rxd5 {[%clk
0:08:55]} Rxc3 {[%clk 0:14:25]} 30. Qb2 {[%clk 0:05:51]} Be8 {[%clk 0:08:22]}
31. Rd8 {[%clk 0:05:06]} Kf8 {[%clk 0:08:41]} 32. R1d3 {[%clk 0:02:34]} Rc6
{[%clk 0:08:11]} 33. Qh8# 1-0

[Event "Deutsche Ländermeisterschaft 2018"]
[Site "Würzburg GER"]
[Date "2018.10.04"]
[Round "3"]
[White "Schmekel, Florian"]
[Black "Richter, Leonard"]
[Result "0-1"]
[Termination "normal"]
[Board "9.1"]
[WhiteElo "2106"]
[BlackElo "2322"]
[WhiteTeam "Mecklenburg-Vorpommern"]
[BlackTeam "Sachsen 1"]
[PlyCount "56"]
[WhiteFideId "12913456"]
[BlackFideId "12900290"]
[EventCountry "GER"]
[EventRounds "7"]
[EventType "team-swiss"]
[EventDate "2018.10.02"]

1.d4 Nf6 2.c4 g6 3.Nc3 Bg7 4.e4 d6 5.Be2 O-O 6.Bg5 h6 7.Be3 Nbd7 8.Qd2 c5 9.d5
Kh7 10.g4 b5 11.cxb5 a6 12.h3 Qa5 13.bxa6 Bxa6 14.f4 Rfb8 15.Bxa6 Rxa6 16.Nge2
Nb6 17.Qc2 Na4 18.Bc1 Nxc3 19.Bd2 Nfxe4 20.Nxc3 Nxd2 21.Kxd2 Qb4 22.f5 Qf4+
23.Ke2 Qc4+ 24.Kd2 Bf6 25.fxg6+ fxg6 26.Rhf1 Rxa2 27.Rxf6 Qd4+ 28.Ke2 Raxb2  
0-1

[Event "Deutsche Ländermeisterschaft 2018"]
[Site "Würzburg GER"]
[Date "2018.10.04"]
[Round "3"]
[White "Urban, Konstantin"]
[Black "Fromm, Marius"]
[Result "1/2-1/2"]
[Termination "normal"]
[Board "9.2"]
[WhiteElo "2279"]
[BlackElo "2022"]
[WhiteTeam "Sachsen 1"]
[BlackTeam "Mecklenburg-Vorpommern"]
[PlyCount "91"]
[WhiteFideId "12927511"]
[BlackFideId "12993190"]
[EventCountry "GER"]
[EventRounds "7"]
[EventType "team-swiss"]
[EventDate "2018.10.02"]

1.e4 e5 2.Nf3 Nc6 3.Bb5 a6 4.Ba4 Nf6 5.O-O Be7 6.d3 b5 7.Bb3 d6 8.a4 Bd7 9.Nc3
Na5 10.Ba2 b4 11.Ne2 O-O 12.Nd2 Qc8 13.f4 Be6 14.Nf3 Bxa2 15.Rxa2 Re8 16.b3 Nd7
17.Qe1 c5 18.Qg3 Nc6 19.Nh4 Bxh4 20.Qxh4 Nd4 21.Ng3 Qd8 22.Qh3 f6 23.Be3 Nf8
24.fxe5 dxe5 25.Rf2 Nfe6 26.Nh5 Ra7 27.Ra1 Rf7 28.Raf1 Qe7 29.Qg4 Kh8 30.h4
Ref8 31.Qh3 a5 32.g4 Kg8 33.Ng3 Qd7 34.Nf5 Nxf5 35.gxf5 Nd4 36.Kh2 Re8 37.Rg1
Kf8 38.Rfg2 Rc8 39.Qg4 Rc7 40.Qh5 Kg8 41.Qd1 Kf8 42.h5 h6 43.Bf2 Ke8 44.Bh4 Rb7
45.Rg6 Qe7 46.R6g3   1/2-1/2

[Event "Deutsche Ländermeisterschaft 2018"]
[Site "Würzburg GER"]
[Date "2018.10.04"]
[Round "3"]
[White "Troyke, Jannis"]
[Black "Wong, Gengchun"]
[Result "1/2-1/2"]
[Termination "normal"]
[Board "9.3"]
[WhiteElo "1924"]
[BlackElo "2194"]
[WhiteTeam "Mecklenburg-Vorpommern"]
[BlackTeam "Sachsen 1"]
[PlyCount "99"]
[WhiteFideId "12993115"]
[BlackFideId "12963283"]
[EventCountry "GER"]
[EventRounds "7"]
[EventType "team-swiss"]
[EventDate "2018.10.02"]

1.e4 c5 2.Nf3 d6 3.d4 cxd4 4.Nxd4 Nf6 5.Nc3 a6 6.h3 e5 7.Nde2 h5 8.Bg5 Be7
9.Bxf6 Bxf6 10.Nd5 O-O 11.Nec3 g6 12.Nxf6+ Qxf6 13.Nd5 Qd8 14.Bc4 Be6 15.Ne3
Qc7 16.Qd3 Nc6 17.c3 Ne7 18.O-O Rad8 19.Rad1 Rfe8 20.Rd2 Nc8 21.Rfd1 Nb6 22.Bd5
Na4 23.Bxe6 Rxe6 24.Qc4 Qc6 25.Qxc6 bxc6 26.Nc4 Kf8 27.Nxd6 Nxb2 28.Nxf7 Rb8
29.Rb1 Kxf7 30.Rbxb2 Rxb2 31.Rxb2 Rd6 32.Kf1 Rd1+ 33.Ke2 Ra1 34.Rb7+ Ke6 35.Rg7
Rxa2+ 36.Ke3 Kf6 37.Rc7 a5 38.Rxc6+ Kf7 39.Ra6 a4 40.g4 h4 41.Kf3 Ra3 42.Kg2
Ra1 43.g5 a3 44.Kf3 a2 45.Ke2 Ke7 46.c4 Kd7 47.c5 Kc7 48.c6 Kd6 49.Kf3 Kc7
50.Ke2   1/2-1/2

[Event "Deutsche Ländermeisterschaft 2018"]
[Site "Würzburg GER"]
[Date "2018.10.04"]
[Round "3"]
[White "Nguyen, Alex Dac-Vuong"]
[Black "Schumann, Rabea"]
[Result "1-0"]
[Termination "normal"]
[Board "9.4"]
[WhiteElo "2240"]
[BlackElo "1903"]
[WhiteTeam "Sachsen 1"]
[BlackTeam "Mecklenburg-Vorpommern"]
[PlyCount "81"]
[WhiteFideId "12984388"]
[BlackFideId "12918199"]
[EventCountry "GER"]
[EventRounds "7"]
[EventType "team-swiss"]
[EventDate "2018.10.02"]

1.e4 c5 2.Nf3 Nc6 3.d4 cxd4 4.Nxd4 g6 5.c4 Bg7 6.Be3 Qb6 7.Nb5 Qa5+ 8.N5c3 Nf6
9.Nd2 d6 10.Nb3 Qd8 11.Be2 O-O 12.O-O Be6 13.f3 Nd7 14.Qd2 Re8 15.Nd5 b6
16.Rab1 Nc5 17.Nc1 Rc8 18.b4 Nd7 19.Nb3 Nde5 20.Rbc1 Nb8 21.Rfd1 Bxd5 22.cxd5
Qd7 23.Nd4 Rxc1 24.Rxc1 Rc8 25.h3 Qd8 26.f4 Ned7 27.Rc2 Bxd4 28.Bxd4 e5 29.dxe6
fxe6 30.Bc4 Nf8 31.Bb2 Qe7 32.f5 Rxc4 33.Rxc4 exf5 34.exf5 gxf5 35.Rc8 Nbd7
36.Qd5+ Qf7 37.Qxd6 Qxa2 38.Qg3+ Kf7 39.Qg7+ Ke6 40.Rc6+ Kd5 41.Qf7+   1-0

[Event "Deutsche Ländermeisterschaft 2018"]
[Site "Würzburg GER"]
[Date "2018.10.04"]
[Round "3"]
[White "Könze, Heike"]
[Black "Tovmasyan, Minas"]
[Result "1/2-1/2"]
[Termination "normal"]
[Board "9.6"]
[WhiteElo "1845"]
[BlackElo "1554"]
[WhiteTeam "Sachsen 1"]
[BlackTeam "Mecklenburg-Vorpommern"]
[PlyCount "104"]
[WhiteFideId "12964476"]
[BlackFideId "16247620"]
[EventCountry "GER"]
[EventRounds "7"]
[EventType "team-swiss"]
[EventDate "2018.10.02"]

1.c4 Nf6 2.g3 e6 3.Bg2 d5 4.d4 Be7 5.Nc3 O-O 6.e3 b6 7.cxd5 exd5 8.Nge2 Bb7
9.O-O Nbd7 10.Nf4 c6 11.b3 Bb4 12.Bb2 Bxc3 13.Bxc3 Rc8 14.Rc1 Ne4 15.Bb2 Ndf6
16.f3 Nd6 17.Bh3 Rc7 18.Re1 Re8 19.Nd3 Bc8 20.Bg2 Bf5 21.Nb4 Qc8 22.Qd2 a5
23.Nd3 Bxd3 24.Qxd3 h6 25.Rc2 Qf5 26.Qxf5 Nxf5 27.e4 dxe4 28.fxe4 c5 29.Rcc1
Ne7 30.dxc5 Rxc5 31.Rxc5 bxc5 32.Bxf6 gxf6 33.Rc1 Rc8 34.Bh3 Rc7 35.Bf5 Ng6
36.Bxg6 fxg6 37.Kf2 Kf7 38.Ke3 Ke6 39.Kf4 h5 40.h4 Rc8 41.Rc4 Rc7 42.Rc3 Rc8
43.Rd3 Rc7 44.Re3 Rc6 45.e5 Ra6 46.exf6+ Kxf6 47.Rc3 Rc6 48.Rf3 Re6 49.Re3 Rxe3
50.Kxe3 Kf5 51.Kf3 Ke5 52.Ke3 Kf5   1/2-1/2

[Event "Deutsche Ländermeisterschaft 2018"]
[Site "Würzburg GER"]
[Date "2018.10.04"]
[Round "3"]
[White "Puls, Luisa"]
[Black "Rössel, Gino"]
[Result "1/2-1/2"]
[Termination "normal"]
[Board "9.7"]
[WhiteElo "1456"]
[BlackElo "1778"]
[WhiteTeam "Mecklenburg-Vorpommern"]
[BlackTeam "Sachsen 1"]
[PlyCount "66"]
[WhiteFideId "16266005"]
[BlackFideId "16203070"]
[EventCountry "GER"]
[EventRounds "7"]
[EventType "team-swiss"]
[EventDate "2018.10.02"]

1.d4 d5 2.c4 e6 3.Nf3 c6 4.Bg5 Be7 5.Bxe7 Nxe7 6.e3 Nd7 7.Bd3 Nf6 8.O-O O-O
9.Nbd2 Nf5 10.Qc2 Bd7 11.Rfc1 Rc8 12.c5 Qc7 13.Ne5 g6 14.b4 Ne8 15.Qb2 f6
16.Nef3 Neg7 17.a4 Rfe8 18.b5 g5 19.b6 axb6 20.cxb6 Qd6 21.a5 g4 22.Ne1 h5
23.g3 h4 24.a6 bxa6 25.b7 Rb8 26.Rxa6 hxg3 27.hxg3 Qc7 28.Ra7 Kf7 29.Rb1 Rh8
30.Qb6 Qd6 31.Qc5 Qc7 32.Qb6 Qd6 33.Qc5 Qc7   1/2-1/2

[Event "Deutsche Ländermeisterschaft 2018"]
[Site "Würzburg GER"]
[Date "2018.10.04"]
[Round "3"]
[White "Pohle, Saskia"]
[Black "Breß, Amy Charlize"]
[Result "1-0"]
[Termination "normal"]
[Board "9.8"]
[WhiteElo "1690"]
[BlackElo "1464"]
[WhiteTeam "Sachsen 1"]
[BlackTeam "Mecklenburg-Vorpommern"]
[PlyCount "101"]
[WhiteFideId "16201604"]
[BlackFideId "16233786"]
[EventCountry "GER"]
[EventRounds "7"]
[EventType "team-swiss"]
[EventDate "2018.10.02"]

1.e4 c5 2.Nf3 e6 3.c3 a6 4.d4 cxd4 5.cxd4 d6 6.Bd3 Nd7 7.O-O Be7 8.Nc3 Ngf6
9.Bc2 Qc7 10.Re1 O-O 11.e5 dxe5 12.dxe5 Ne8 13.Qd3 g6 14.h4 Ng7 15.Bh6 Re8
16.Bxg7 Kxg7 17.h5 Bf8 18.hxg6 hxg6 19.Qe3 Be7 20.Qf4 Rh8 21.g3 b5 22.Be4 Bb7
23.Rac1 Qb6 24.Kg2 Rac8 25.Rh1 Nc5 26.Qe3 Qc7 27.b4 Nxe4 28.Nxe4 Qd8 29.Rxh8
Qxh8 30.Rh1 Qxh1+ 31.Kxh1 Bxb4 32.Kg1 Be7 33.Neg5 Bxg5 34.Qxg5 Bxf3 35.Qf6+ Kg8
36.Qxf3 Rc1+ 37.Kg2 Rc4 38.Qa8+ Kg7 39.Qxa6 Ra4 40.Qxb5 Rxa2 41.Qc4 Rd2 42.Qf4
Rd5 43.Qf6+ Kg8 44.Kh3 Rd1 45.Kg4 Rd4+ 46.Kg5 Rd7 47.Kh6 Kf8 48.Qh8+ Ke7 49.Kg7
Rd8 50.Qxd8+ Kxd8 51.Kxf7   1-0

[Event "Deutsche Ländermeisterschaft 2018"]
[Site "Würzburg GER"]
[Date "2018.10.04"]
[Round "3"]
[White "Zimmer, Luca"]
[Black "Wendler, David"]
[Result "0-1"]
[Termination "normal"]
[Board "10.1"]
[WhiteElo "1645"]
[BlackElo "2156"]
[WhiteTeam "Saarland"]
[BlackTeam "Württemberg 2"]
[PlyCount "62"]
[WhiteFideId "12921424"]
[BlackFideId "12938360"]
[EventCountry "GER"]
[EventRounds "7"]
[EventType "team-swiss"]
[EventDate "2018.10.02"]

1.e4 c5 2.d4 cxd4 3.c3 Nf6 4.e5 Nd5 5.Nf3 Nc6 6.Bc4 e6 7.cxd4 d6 8.a3 Be7 9.O-O
O-O 10.b4 Bd7 11.Bb2 Rc8 12.Bb3 Nb8 13.Qd2 Bb5 14.Rc1 Rxc1+ 15.Qxc1 Qd7 16.Qd2
Rc8 17.Nc3 Nxc3 18.Bxc3 Bc4 19.Bc2 Bd5 20.Qd3 g6 21.Bd2 Bxf3 22.gxf3 dxe5
23.Re1 exd4 24.Bb3 Bf6 25.f4 Nc6 26.Qh3 Kg7 27.Kg2 Ne7 28.Bc1 Rc3 29.Bxe6 fxe6
30.f3 Nf5 31.Kg1 Qc6 0-1

[Event "Deutsche Ländermeisterschaft 2018"]
[Site "Würzburg GER"]
[Date "2018.10.04"]
[Round "3"]
[White "Yi, Danny"]
[Black "Zha, Kevin"]
[Result "1-0"]
[Termination "normal"]
[Board "10.2"]
[WhiteElo "2092"]
[BlackElo "1570"]
[WhiteTeam "Württemberg 2"]
[BlackTeam "Saarland"]
[PlyCount "81"]
[WhiteFideId "12988588"]
[BlackFideId "16208951"]
[EventCountry "GER"]
[EventRounds "7"]
[EventType "team-swiss"]
[EventDate "2018.10.02"]

1.e4 g6 2.d4 Bg7 3.Nf3 d6 4.c3 Nf6 5.Bd3 O-O 6.O-O Bg4 7.Nbd2 Nc6 8.h3 Bxf3
9.Nxf3 e5 10.Bc2 Re8 11.Re1 Qe7 12.Nh2 Nd7 13.dxe5 dxe5 14.Ng4 Nd8 15.Qf3 h5
16.Ne3 c6 17.Rd1 Nb6 18.a4 a5 19.b3 Bf8 20.g4 hxg4 21.Nxg4 Bg7 22.Ba3 Qg5
23.Bc5 Nc8 24.Rd7 b6 25.Be3 Qh4 26.Rad1 Ne7 27.Bxb6 Ne6 28.Kh2 Rf8 29.b4 axb4
30.cxb4 Rae8 31.Bb3 Ng5 32.Qe3 Nf5 33.exf5 gxf5 34.Bd8 Rxd8 35.Rxd8 f4 36.Qd3
e4 37.Rxf8+ Bxf8 38.Nf6+ Kg7 39.Nxe4 f3 40.Qd4+ Kh7 41.Nf6+   1-0

[Event "Deutsche Ländermeisterschaft 2018"]
[Site "Würzburg GER"]
[Date "2018.10.04"]
[Round "3"]
[White "Jeschke, Jan"]
[Black "Brunner, Jan"]
[Result "1/2-1/2"]
[Termination "normal"]
[Board "10.3"]
[WhiteElo "1479"]
[BlackElo "1940"]
[WhiteTeam "Saarland"]
[BlackTeam "Württemberg 2"]
[PlyCount "117"]
[WhiteFideId "16225430"]
[BlackFideId "12981010"]
[EventCountry "GER"]
[EventRounds "7"]
[EventType "team-swiss"]
[EventDate "2018.10.02"]

1.e4 c5 2.d4 cxd4 3.c3 Nf6 4.e5 Nd5 5.Nf3 Nc6 6.Bc4 e6 7.cxd4 d6 8.O-O Be7
9.Nbd2 O-O 10.Ne4 dxe5 11.dxe5 Qc7 12.Bxd5 exd5 13.Nc3 d4 14.Nxd4 Rd8 15.Ndb5
Qxe5 16.Qf3 Nd4 17.Nxd4 Qxd4 18.Be3 Qg4 19.Qxg4 Bxg4 20.f3 Be6 21.Rfd1 b6
22.Nb5 Bc4 23.Rxd8+ Bxd8 24.Nd6 Be6 25.b3 a6 26.Rc1 Kf8 27.Nb7 b5 28.Nxd8 Rxd8
29.Kf2 Ke7 30.Kg3 Rd3 31.Bf4 a5 32.Be5 Rd2 33.a4 Rd5 34.Bc7 b4 35.Bb6 Rg5+
36.Kf2 Bxb3 37.Rc5 Rxc5 38.Bxc5+ Ke6 39.Bb6 Kd5 40.Bxa5 Kc4 41.Ke3 Bxa4 42.Kd2
Kb3 43.Kc1 Bc6 44.Bc7 f6 45.Bd6 g6 46.Be7 Kc3 47.Bxf6+ Kd3 48.h4 Ke2 49.Be5 Kf2
50.g3 Kxf3 51.Kb2 Bd5 52.Bf4 Ke4 53.Bd6 b3 54.Bf4 Kf5 55.Bd6 Kg4 56.Bc7 h5
57.Bd6 g5 58.hxg5 Kxg5 59.Be5   1/2-1/2

[Event "Deutsche Ländermeisterschaft 2018"]
[Site "Würzburg GER"]
[Date "2018.10.04"]
[Round "3"]
[White "Schallner, Marc"]
[Black "Chassard, Cedric"]
[Result "1-0"]
[Termination "normal"]
[Board "10.4"]
[WhiteElo "1931"]
[BlackElo "1786"]
[WhiteTeam "Württemberg 2"]
[BlackTeam "Saarland"]
[PlyCount "67"]
[WhiteFideId "12971243"]
[BlackFideId "16243536"]
[EventCountry "GER"]
[EventRounds "7"]
[EventType "team-swiss"]
[EventDate "2018.10.02"]

1.e4 e6 2.d4 d5 3.exd5 exd5 4.Nf3 Bd6 5.c4 Nf6 6.Bd3 O-O 7.O-O dxc4 8.Bxc4 Bg4
9.Nc3 Nc6 10.Be3 Re8 11.Qb3 Qd7 12.Ng5 Bh5 13.Qc2 h6 14.Nge4 Nxe4 15.Nxe4 Bg6
16.Nf6+ gxf6 17.Qxg6+ Kf8 18.Qxf6 Bxh2+ 19.Kxh2 Qd6+ 20.Qxd6+ cxd6 21.Bxh6+ Ke7
22.Be3 Rh8+ 23.Kg3 Rag8+ 24.Kf3 Rh2 25.g3 Rh5 26.Rh1 Rf5+ 27.Kg2 Rc8 28.Rac1
Rg8 29.b4 a6 30.Bd3 Rf6 31.d5 Ne5 32.Rc7+ Kf8 33.Rc8+ Kg7 34.Rh7#   1-0

[Event "Deutsche Ländermeisterschaft 2018"]
[Site "Würzburg GER"]
[Date "2018.10.04"]
[Round "3"]
[White "Müller, Maximilian"]
[Black "Zell, Mirjam"]
[Result "1/2-1/2"]
[Termination "normal"]
[Board "10.5"]
[WhiteElo "1547"]
[BlackElo "1797"]
[WhiteTeam "Saarland"]
[BlackTeam "Württemberg 2"]
[PlyCount "81"]
[WhiteFideId "16243552"]
[BlackFideId "16208544"]
[EventCountry "GER"]
[EventRounds "7"]
[EventType "team-swiss"]
[EventDate "2018.10.02"]

1.e4 e5 2.Nf3 Nc6 3.Bb5 a6 4.Ba4 Nf6 5.O-O d6 6.d4 b5 7.Bb3 Nxd4 8.Nxd4 exd4
9.Re1 Be7 10.e5 dxe5 11.Rxe5 O-O 12.Bg5 c5 13.c4 b4 14.Qd3 Re8 15.Nd2 Qd6
16.Bxf6 Qxf6 17.Rae1 Be6 18.Bc2 g6 19.Qf3 Rec8 20.Bd3 Qxf3 21.Nxf3 Bf6 22.R5e2
a5 23.h3 a4 24.g4 Rd8 25.Nd2 Rac8 26.Re4 Rc7 27.Kg2 Bd7 28.Kg3 Bc6 29.R4e2 Bg7
30.f4 Bf8 31.Ne4 Kg7 32.h4 Re7 33.Nf2 Rde8 34.Rxe7 Rxe7 35.Rxe7 Bxe7 36.b3 axb3
37.axb3 h6 38.Ne4 f5 39.gxf5 gxf5 40.Nf2 Kf6 41.Kh3   1/2-1/2